| 000 | 00569nam a2200169Ia 4500 | ||
|---|---|---|---|
| 008 | 090711s9999 xx 000 0 und d | ||
| 082 | _b69980 | ||
| 100 | _aआपटे ह. ना. | ||
| 245 | _aSााणाक्षपणाSाा कळस | ||
| 260 |
_bआर्यभूषण मुद्रणालय _c1926 |
||
| 300 | _a136 | ||
| 600 | _aआपटे ह. ना. | ||
| 630 | _aSााणाक्षपणाSाा कळस | ||
| 700 | _aआपटे ह. ना. | ||
| 730 | _aSााणाक्षपणाSाा कळस | ||
| 942 | _cBOOK | ||
| 999 |
_c304973 _d304973 |
||